Cases in organisational behaviour

Αποθηκεύτηκε σε:
Λεπτομέρειες βιβλιογραφικής εγγραφής
Κύριος συγγραφέας: Adam-Smith, Derek
Άλλοι συγγραφείς: Peacock, Alan T. 1922-
Μορφή: Βιβλίο
Γλώσσα:English
Δημοσίευση: London : Pitman, c1994
Θέματα:
Ετικέτες: Προσθήκη ετικέτας
Δεν υπάρχουν, Καταχωρήστε ετικέτα πρώτοι!

MARC

LEADER 00000nam a2200000 i 4500
001 1/19952
008 960704s1994 eng d
020 |a 0-273-60390-6 
035 |l 10021458 
040 |a GR-MY-UA  |b gre  |e aacr 
041 0 |a eng 
082 0 |a 658.3 
100 1 |a Adam-Smith, Derek. 
245 1 0 |a Cases in organisational behaviour /  |c Derek Adam-Smith, Alan Peacock 
260 |a London :   |b Pitman,   |c c1994 
300 |a 294 p. 
500 |a Includes index 
650 0 0 |a Organizational behavior. 
700 1 |a Peacock, Alan T.  |d 1922- 
852 |a INST  |b CHIOS  |e 19960704  |h 658.3 ADA  |p 005200001828  |q 005200001828  |t BK  |y 0 
909 |a Χ  |b 040202